| 000 | 00965nas a2200265 4500 | ||
|---|---|---|---|
| 001 | BR8000149 | ||
| 003 | BR-BrBNA | ||
| 005 | 20231205084100.0 | ||
| 007 | ta | ||
| 008 | 230509b bl.|||p| |||| 00| 00por d | ||
| 040 |
_aBR-BrBNA _bpor _cBiblioteca Nacional de Agricultura |
||
| 041 | _a(Pt) | ||
| 072 | _aQ20 | ||
| 100 | 1 | _aLeitao, M.F. DE F. | |
| 111 | 1 |
_a10. Congresso Brasileiro de Microbiologia _cRio de Janeiro, RJ (Brazil) _d23 Jul 1979 |
|
| 245 | 1 | _aClostridium botulinum e a industria de alimentos [Bacteria patogenica; Botulismo] | |
| 246 | 1 | _aClostridium botulinum and the food industry [Pathogenic bacterium; Botulism] | |
| 650 | _aMicrobiologia de alimento | ||
| 650 | _aAlimento | ||
| 650 | _aBacteria patogenica | ||
| 650 | _aBotulismo | ||
| 773 | 0 |
_tBoletim do Instituto de Tecnologia de Alimentos (brazil) _xISSN 0366-0281 _g(Apr 1979), v. 16(2) p. 149-164 _wBR8000149 |
|
| 909 |
_a202311 _bLúcia _c55 _dLúcia Elande |
||
| 942 |
_2AGRIS _n0 _cANA |
||
| 999 |
_c103034 _d103034 |
||